Los fundamentos de la Psicología / (Record no. 116569)

MARC details
000 -LEADER
campo de control de longitud fija 00648nam a2200205 4500
001 - NÚMERO DE CONTROL
campo de control 116569
003 - IDENTIFICADOR DE NÚMERO DE CONTROL
campo de control ES-MaACL
005 - FECHA Y HORA DE LA ÚLTIMA TRANSACCIÓN
campo de control 20230906190729.0
007 - CAMPO FIJO DE DESCRIPCIÓN FÍSICA--INFORMACIÓN GENERAL
campo de control de longitud fija t|
008 - DATOS DE LONGITUD FIJA--INFORMACIÓN GENERAL
campo de control de longitud fija 061121s1970 sp r ||||1| spa d
100 1# - ENTRADA PRINCIPAL--NOMBRE DE PERSONA
Nombre de persona Paulus, Jean.
9 (RLIN) 89663
245 14 - MENCIÓN DEL TÍTULO
Título Los fundamentos de la Psicología /
Mención de responsabilidad, etc. Jean Paulus ; lo tradujo Juan José Echeveste.
260 ## - PUBLICACIÓN, DISTRIBUCIÓN, ETC.
Lugar de publicación, distribución, etc. Madrid :
Nombre del editor, distribuidor, etc. Guadarrama,
Fecha de publicación, distribución, etc. 1970.
300 ## - DESCRIPCIÓN FÍSICA
Extensión 224 p. ;
Dimensiones 19 cm.
490 1# - MENCIÓN DE SERIE
Mención de serie Psicología y ciencias humanas ;
Designación de volumen o secuencia 7
700 1# - ENTRADA AGREGADA--NOMBRE PERSONAL
Nombre de persona Echeveste, Juan José.
9 (RLIN) 46592
830 0# - PUNTO DE ACCESO ADICIONAL DE SERIE-TÍTULO UNIFORME
Título uniforme Psicología y ciencias humanas ;
Designación de volumen o secuencia 7
9 (RLIN) 182632
852 ## - LOCALIZACIÓN
Ubicación ES-MaACL
Número de control de estantería C-39923
Sublocalización o colección R.76334
Holdings
Estatus retirado Estado de pérdida Estado de daño No para préstamo Biblioteca de origen Biblioteca actual Ubicación en estantería Fecha de adquisición Fuente de adquisición Total de préstamos Signatura topográfica completa Código de barras Visto por última vez Precio de reemplazo Tipo de ítem Koha
        Biblioteca del Ateneo de Madrid Biblioteca del Ateneo de Madrid Depósito 2 17/01/2008     C-39923 1121551 23/02/2023 23/02/2023 Libro impreso